000 00720cab a2200205 4500
001 ABS39048
008 090401t1988 xxu||||| |||| 00| 0 eng d
035 _a(Sirsi) u14040
041 _aeng
100 _aWhite, P.
245 _aReclaiming a microscope for man and nature
260 _c1988
350 _a0
490 _aSurveyor
_v169(4990) 14 April 1988, 22-24(3)
520 _aReports on ways in which English China Clays in Cornwall has restored the landscape ravaged by its china clay mining which include a tree nursery, impounding the micaceous residues in the rivers and reshaping tips.
650 _aLAND RECLAMATION
690 _aCONSERVATION AND THE ENVIRONMENT
942 _n0
948 _c04/03/1997
999 _c9098
_d9098